Introduction to Modern Virology (Record no. 4294)
[ view plain ]
| 000 -LEADER | |
|---|---|
| fixed length control field | 00957pam a2200289 a 4500 |
| 001 - CONTROL NUMBER | |
| control field | 2405458 |
| 003 - CONTROL NUMBER IDENTIFIER | |
| control field | OSt |
| 005 - DATE AND TIME OF LATEST TRANSACTION | |
| control field | 20230301161227.0 |
| 008 - FIXED-LENGTH DATA ELEMENTS--GENERAL INFORMATION | |
| fixed length control field | 860530s1987 enka b 001 0 eng c |
| 010 ## - LIBRARY OF CONGRESS CONTROL NUMBER | |
| LC control number | 86014691 |
| 020 ## - INTERNATIONAL STANDARD BOOK NUMBER | |
| International Standard Book Number | 0632015977 : |
| Terms of availability | $28.00 (U.S. : est.) |
| 040 ## - CATALOGING SOURCE | |
| Original cataloging agency | DNLM/DLC |
| Transcribing agency | DLC |
| Modifying agency | DLC |
| 050 00 - LIBRARY OF CONGRESS CALL NUMBER | |
| Classification number | QR360 |
| Item number | .D56 1987 |
| 060 ## - NATIONAL LIBRARY OF MEDICINE CALL NUMBER | |
| Classification number | QW 160 P953i |
| 082 00 - DEWEY DECIMAL CLASSIFICATION NUMBER | |
| Classification number | QW 160 |
| Item number | D597I 1989 |
| 100 1# - MAIN ENTRY--PERSONAL NAME | |
| Personal name | Dimmock, N. J.; Primrose, S. B. |
| 9 (RLIN) | 5550 |
| 245 10 - TITLE STATEMENT | |
| Title | Introduction to Modern Virology |
| 250 ## - EDITION STATEMENT | |
| Edition statement | 3rd ed. |
| 260 ## - PUBLICATION, DISTRIBUTION, ETC. (IMPRINT) | |
| Place of publication, distribution, etc. | Oxford; |
| Name of publisher, distributor, etc. | Blackwell Scientific Publications, |
| Date of publication, distribution, etc. | 1989. |
| 300 ## - PHYSICAL DESCRIPTION | |
| Extent | ix, 349 p. : |
| Other physical details | ill. ; |
| Dimensions | 24 cm. |
| 440 #0 - SERIES STATEMENT/ADDED ENTRY--TITLE | |
| Title | Basic microbiology, |
| International Standard Serial Number | 0194-0163 ; |
| Volume/sequential designation | v. 2 |
| 9 (RLIN) | 9269 |
| 500 ## - GENERAL NOTE | |
| General note | Rev. ed. of: Introduction to modern virology / N.J. Dimmock, S.B. Primrose. 3rd ed. 1986. |
| 504 ## - BIBLIOGRAPHY, ETC. NOTE | |
| Bibliography, etc | Includes bibliographies and index. |
| 650 #0 - SUBJECT ADDED ENTRY--TOPICAL TERM | |
| Topical term or geographic name as entry element | Virology. |
| 9 (RLIN) | 893 |
| 906 ## - LOCAL DATA ELEMENT F, LDF (RLIN) | |
| a | 7 |
| b | cbc |
| c | orignew |
| d | 1 |
| e | ocip |
| f | 19 |
| g | y-gencatlg |
| 942 ## - ADDED ENTRY ELEMENTS (KOHA) | |
| Source of classification or shelving scheme | Dewey Decimal Classification |
| Koha item type | Open Shelf |
| Withdrawn status | Lost status | Source of classification or shelving scheme | Damaged status | Not for loan | Home library | Current library | Date acquired | Source of acquisition | Inventory number | Total Checkouts | Full call number | Barcode | Date last seen | Koha item type |
|---|---|---|---|---|---|---|---|---|---|---|---|---|---|---|
| Other/Generic Classification Scheme | MUST Main Library | MUST Main Library | 07/06/2016 | Purchase | 95/7648 | QW 160 D597I 1989 | 2016-2358 | 07/06/2016 | Open Shelf | |||||
| Other/Generic Classification Scheme | MUST Main Library | MUST Main Library | 07/06/2016 | Purchase | 95/7646 | QW 160 D597I 1989 | 2016-2359 | 07/06/2016 | Open Shelf | |||||
| Other/Generic Classification Scheme | MUST Main Library | MUST Main Library | 07/06/2016 | Purchase | 9042 | QW 160 D597I 1989 | 2016-2360 | 07/06/2016 | Open Shelf | |||||
| Other/Generic Classification Scheme | MUST Main Library | MUST Main Library | 07/06/2016 | Purchase | 95/7647 | QW 160 D597I 1989 | 2016-2362 | 07/06/2016 | Open Shelf | |||||
| Other/Generic Classification Scheme | MUST Main Library | MUST Main Library | 07/06/2016 | Purchase | 9047 | QW 160 D597I 1989 | 2016-2364 | 07/06/2016 | Open Shelf | |||||
| Other/Generic Classification Scheme | MUST Main Library | MUST Main Library | 07/06/2016 | Purchase | 9045 | QW 160 D597I 1989 | 2016-2365 | 07/06/2016 | Open Shelf | |||||
| Other/Generic Classification Scheme | MUST Main Library | MUST Main Library | 07/06/2016 | Purchase | 9044 | QW 160 D597I 1989 | 2016-2366 | 07/06/2016 | Open Shelf | |||||
| Other/Generic Classification Scheme | MUST Main Library | MUST Main Library | 07/06/2016 | Purchase | 9046 | QW 160 D597I 1989 | 2016-2367 | 07/06/2016 | Open Shelf |
